[Event "DEM U14w 2024"]
[Site "Willingen GER"]
[Date "2024.05.19"]
[Round "1"]
[White "Wagner, Cosima Thien-An"]
[Black "Rafikova, Ailin"]
[Result "1-0"]
[Termination "normal"]
[Board "9"]
[WhiteElo "1773"]
[BlackElo "1627"]
[WhiteClock "00:07:28"]
[BlackClock "00:06:27"]
[PlyCount "161"]
[WhiteFideId "34603484"]
[BlackFideId "34612173"]
[EventCountry "GER"]
[EventRounds "9"]
[EventType "swiss"]
[EventDate "2024.05.18"]

1. c4 {[%clk 01:30:56]} {[%emt 00:00:03]} Nf6 {[%clk 01:30:50]} {[%emt
00:00:10]} 2. g3 {[%clk 01:31:11]} {[%emt 00:00:16]} g6 {[%clk 01:29:53]}
{[%emt 00:01:26]} 3. Bg2 {[%clk 01:31:32]} {[%emt 00:00:09]} Bg7 {[%clk
01:30:20]} {[%emt 00:00:03]} 4. Nf3 {[%clk 01:31:49]} {[%emt 00:00:14]} c5
{[%clk 01:30:11]} {[%emt 00:00:39]} 5. Nc3 {[%clk 01:31:57]} {[%emt 00:00:22]}
Nc6 {[%clk 01:25:44]} {[%emt 00:04:57]} 6. O-O {[%clk 01:31:35]} {[%emt
00:00:51]} O-O {[%emt 00:01:30]} 7. d3 {[%emt 00:00:18]} d5 {[%clk 01:21:47]}
{[%emt 00:03:29]} 8. cxd5 {[%clk 01:31:00]} {[%emt 00:01:16]} Nxd5 {[%clk
01:21:15]} {[%emt 00:01:01]} 9. Nxd5 {[%clk 01:29:24]} {[%emt 00:02:06]} Qxd5
{[%clk 01:21:07]} {[%emt 00:00:39]} 10. Be3 {[%clk 01:28:41]} {[%emt 00:01:13]}
Qd6 {[%clk 01:08:38]} {[%emt 00:12:57]} 11. Qc2 {[%clk 01:23:14]} {[%emt
00:05:55]} Nd4 {[%clk 00:53:27]} {[%emt 00:15:44]} 12. Nxd4 {[%clk 01:19:46]}
{[%emt 00:03:59]} cxd4 {[%clk 00:49:56]} {[%emt 00:04:01]} 13. Bd2 {[%clk
01:14:39]} {[%emt 00:05:36]} Bg4 {[%clk 00:41:43]} {[%emt 00:08:43]} 14. Bxb7
{[%clk 01:05:45]} {[%emt 00:09:24]} Bxe2 {[%clk 00:36:42]} {[%emt 00:05:31]}
15. Bxa8 {[%clk 01:04:54]} {[%emt 00:01:22]} Bxf1 {[%clk 00:36:30]} {[%emt
00:00:42]} 16. Be4 {[%clk 00:50:29]} {[%emt 00:14:54]} Bh3 {[%clk 00:34:08]}
{[%emt 00:02:52]} 17. Rc1 {[%clk 00:47:09]} {[%emt 00:03:51]} Rb8 {[%clk
00:27:06]} {[%emt 00:07:31]} 18. a3 {[%clk 00:42:30]} {[%emt 00:05:10]} h5
{[%clk 00:24:27]} {[%emt 00:03:07]} 19. b4 {[%clk 00:35:35]} {[%emt 00:07:26]}
Rc8 {[%clk 00:20:28]} {[%emt 00:04:29]} 20. Qb2 {[%clk 00:33:25]} {[%emt
00:02:40]} Be5 {[%clk 00:15:34]} {[%emt 00:05:24]} 21. Rxc8+ {[%clk 00:30:55]}
{[%emt 00:03:00]} Bxc8 {[%clk 00:15:57]} {[%emt 00:00:07]} 22. Qc2 {[%clk
00:29:00]} {[%emt 00:02:23]} Qe6 {[%clk 00:13:41]} {[%emt 00:02:49]} 23. Qc5
{[%clk 00:21:37]} {[%emt 00:07:52]} h4 {[%clk 00:10:21]} {[%emt 00:03:49]} 24.
Bd5 {[%clk 00:17:19]} {[%emt 00:04:49]} Qf5 {[%clk 00:08:11]} {[%emt 00:02:40]}
25. Be4 {[%clk 00:17:00]} {[%emt 00:00:49]} Qg4 {[%clk 00:07:20]} {[%emt
00:01:21]} 26. f3 {[%clk 00:13:25]} {[%emt 00:04:06]} Qe6 {[%clk 00:07:11]}
{[%emt 00:00:38]} 27. Bd5 {[%clk 00:11:56]} {[%emt 00:01:59]} Qf5 {[%clk
00:06:10]} {[%emt 00:01:31]} 28. Be4 {[%clk 00:11:06]} {[%emt 00:01:21]} Qe6
{[%clk 00:05:48]} {[%emt 00:00:51]} 29. g4 {[%clk 00:06:17]} {[%emt 00:05:18]}
Bb8 {[%clk 00:04:34]} {[%emt 00:01:45]} 30. Qxd4 {[%clk 00:04:14]} {[%emt
00:02:33]} Kh7 {[%clk 00:03:59]} {[%emt 00:01:05]} 31. Bc3 {[%clk 00:02:56]}
{[%emt 00:01:47]} f6 {[%clk 00:04:07]} {[%emt 00:00:24]} 32. Qf2 {[%clk
00:02:36]} {[%emt 00:00:48]} Qb3 {[%clk 00:02:56]} {[%emt 00:01:42]} 33. Qxh4+
{[%clk 00:02:47]} {[%emt 00:00:19]} Kg7 {[%clk 00:03:14]} {[%emt 00:00:11]} 34.
Qe1 {[%clk 00:02:34]} {[%emt 00:00:40]} Qxa3 {[%clk 00:03:22]} {[%emt
00:00:26]} 35. g5 {[%clk 00:02:03]} {[%emt 00:01:01]} Bd6 {[%clk 00:03:08]}
{[%emt 00:00:44]} 36. Bd5 {[%clk 00:01:30]} {[%emt 00:01:02]} Kf8 {[%clk
00:02:25]} {[%emt 00:01:14]} 37. gxf6 {[%clk 00:01:40]} {[%emt 00:00:19]} exf6
{[%clk 00:01:54]} {[%emt 00:01:02]} 38. Bc6 {[%clk 00:01:13]} {[%emt 00:00:57]}
Be5 {[%clk 00:01:39]} {[%emt 00:00:45]} 39. d4 {[%clk 00:00:59]} {[%emt
00:00:44]} Qa6 {[%clk 00:01:27]} {[%emt 00:00:42]} 40. b5 {[%clk 00:01:07]}
{[%emt 00:00:22]} Qb6 {[%clk 00:01:25]} {[%emt 00:00:32]} 41. Qf2 {[%clk
00:27:15]} {[%emt 00:04:21]} Bd6 {[%clk 00:24:03]} {[%emt 00:07:52]} 42. Qe3
{[%clk 00:24:36]} {[%emt 00:03:06]} Qc7 {[%clk 00:19:14]} {[%emt 00:05:22]} 43.
Qh6+ {[%clk 00:19:31]} {[%emt 00:05:35]} Qg7 {[%clk 00:17:57]} {[%emt
00:01:48]} 44. Qe3 {[%clk 00:17:03]} {[%emt 00:02:55]} Qe7 {[%clk 00:16:54]}
{[%emt 00:01:35]} 45. Bd2 {[%clk 00:10:57]} {[%emt 00:06:36]} Be6 {[%clk
00:09:17]} {[%emt 00:08:07]} 46. Qh6+ {[%clk 00:09:13]} {[%emt 00:02:14]} Qg7
{[%clk 00:09:15]} {[%emt 00:00:56]} 47. Qe3 {[%clk 00:06:25]} {[%emt 00:02:54]}
Qe7 {[%clk 00:08:59]} {[%emt 00:18:20]} 48. Qe4 {[%clk 00:04:48]} Qf7 {[%clk
00:06:11]} 49. Bh6+ {[%clk 00:04:18]} Kg8 50. d5 {[%clk 00:03:54]} Bd7 {[%clk
00:03:42]} 51. Bxd7 {[%clk 00:04:08]} Bc5+ {[%clk 00:03:26]} 52. Kg2 {[%clk
00:03:39]} Qxd7 {[%clk 00:03:46]} 53. Qxg6+ {[%clk 00:03:52]} Kh8 {[%clk
00:04:09]} 54. Qxf6+ {[%clk 00:04:14]} Kh7 {[%clk 00:03:43]} 55. Qc6 {[%clk
00:02:05]} {[%emt 00:00:13]} Qe7 {[%clk 00:02:35]} {[%emt 00:00:57]} 56. Bf4
{[%clk 00:01:00]} {[%emt 00:01:35]} Qe2+ {[%clk 00:01:58]} {[%emt 00:01:08]}
57. Kg3 {[%clk 00:01:24]} {[%emt 00:00:05]} Qf2+ {[%clk 00:01:55]} {[%emt
00:00:34]} 58. Kg4 {[%clk 00:01:47]} {[%emt 00:00:05]} Qg1+ {[%clk 00:01:48]}
{[%emt 00:00:39]} 59. Kf5 {[%clk 00:01:43]} {[%emt 00:00:34]} Qb1+ {[%clk
00:01:48]} {[%emt 00:00:30]} 60. Kg4 {[%clk 00:01:21]} {[%emt 00:00:51]} Qg1+
{[%clk 00:02:04]} {[%emt 00:00:15]} 61. Kh5 {[%clk 00:01:10]} {[%emt 00:00:32]}
Be7 {[%clk 00:01:30]} {[%emt 00:01:13]} 62. Qh6+ {[%clk 00:01:27]} {[%emt
00:00:12]} Kg8 {[%clk 00:01:57]} {[%emt 00:00:05]} 63. Qg6+ {[%clk 00:01:47]}
{[%emt 00:00:09]} Qxg6+ {[%clk 00:02:15]} {[%emt 00:00:12]} 64. Kxg6 {[%clk
00:02:13]} {[%emt 00:00:04]} Kf8 {[%clk 00:02:33]} {[%emt 00:00:11]} 65. Bg5
{[%clk 00:02:31]} {[%emt 00:00:12]} Bd6 {[%clk 00:02:31]} {[%emt 00:00:32]} 66.
h4 {[%clk 00:02:56]} {[%emt 00:00:05]} Kg8 {[%emt 00:00:21]} 67. h5 Be5 {[%clk
00:02:42]} {[%emt 00:00:34]} 68. Bf6 {[%clk 00:03:44]} {[%emt 00:00:07]} Bf4
{[%clk 00:03:05]} {[%emt 00:00:07]} 69. h6 {[%clk 00:04:02]} {[%emt 00:00:11]}
Bxh6 {[%clk 00:03:10]} {[%emt 00:00:26]} 70. Kxh6 {[%clk 00:04:27]} {[%emt
00:00:04]} Kf7 {[%clk 00:03:35]} {[%emt 00:00:05]} 71. Kg5 {[%clk 00:04:45]}
{[%emt 00:00:12]} Kf8 {[%clk 00:04:00]} {[%emt 00:00:06]} 72. d6 {[%clk
00:05:01]} {[%emt 00:00:13]} Ke8 {[%clk 00:04:26]} {[%emt 00:00:04]} 73. Kf5
{[%clk 00:05:17]} {[%emt 00:00:12]} Kd7 {[%clk 00:04:52]} {[%emt 00:00:05]} 74.
Be7 {[%clk 00:05:40]} {[%emt 00:00:07]} Kc8 {[%clk 00:04:37]} {[%emt 00:00:46]}
75. Ke6 {[%clk 00:06:05]} {[%emt 00:00:05]} a5 {[%clk 00:05:02]} {[%emt
00:00:05]} 76. d7+ {[%clk 00:06:26]} {[%emt 00:00:09]} Kb7 {[%clk 00:05:23]}
{[%emt 00:00:09]} 77. d8=Q {[%clk 00:06:50]} {[%emt 00:00:06]} a4 {[%clk
00:05:41]} {[%emt 00:00:12]} 78. Kd6 {[%clk 00:07:05]} {[%emt 00:00:14]} a3
{[%clk 00:06:05]} {[%emt 00:00:07]} 79. Qc7+ {[%clk 00:07:28]} {[%emt
00:00:06]} Ka8 {[%clk 00:06:27]} 80. Kc6 {[%clk 00:07:28]} a2 {[%clk 00:06:27]}
81. Qb7# {[%clk 00:07:28]} 1-0

[Event "DEM U14w 2024"]
[Site "Willingen GER"]
[Date "2024.05.19"]
[Round "1"]
[White "Funke, Luise"]
[Black "Neininger, Sarah"]
[Result "0-1"]
[Termination "normal"]
[Board "10"]
[WhiteElo "1330"]
[BlackElo "1744"]
[WhiteClock "00:31:03"]
[BlackClock "00:48:54"]
[PlyCount "54"]
[WhiteFideId "34623752"]
[BlackFideId "16287410"]
[EventCountry "GER"]
[EventRounds "9"]
[EventType "swiss"]
[EventDate "2024.05.18"]

1. e4 {[%clk 01:30:58]} {[%emt 00:00:01]} c5 {[%clk 01:30:54]} {[%emt
00:00:07]} 2. Nf3 {[%clk 01:31:18]} {[%emt 00:00:09]} e6 {[%clk 01:31:20]}
{[%emt 00:00:05]} 3. d4 {[%clk 01:31:37]} {[%emt 00:00:10]} cxd4 {[%clk
01:31:45]} {[%emt 00:00:05]} 4. Nxd4 {[%clk 01:31:51]} {[%emt 00:00:16]} Nc6
{[%clk 01:32:09]} {[%emt 00:00:07]} 5. Nc3 {[%clk 01:32:04]} {[%emt 00:00:16]}
Qc7 {[%clk 01:32:31]} {[%emt 00:00:08]} 6. Be3 {[%clk 01:31:58]} {[%emt
00:00:36]} a6 {[%clk 01:32:55]} {[%emt 00:00:07]} 7. Be2 {[%clk 01:28:07]}
{[%emt 00:04:20]} Nf6 {[%clk 01:33:05]} {[%emt 00:00:20]} 8. Qd2 {[%clk
01:24:35]} {[%emt 00:04:03]} Bb4 {[%clk 01:31:16]} {[%emt 00:02:19]} 9. f3
{[%clk 01:18:29]} {[%emt 00:06:34]} d5 {[%clk 01:11:36]} {[%emt 00:20:11]} 10.
Nxc6 {[%clk 01:07:53]} {[%emt 00:11:06]} bxc6 {[%clk 01:11:51]} {[%emt
00:00:15]} 11. Bf4 {[%clk 01:07:57]} {[%emt 00:00:25]} e5 {[%clk 01:11:59]}
{[%emt 00:00:23]} 12. Be3 {[%clk 01:00:05]} {[%emt 00:08:22]} d4 {[%clk
01:11:49]} {[%emt 00:00:41]} 13. Bxd4 {[%clk 01:00:18]} {[%emt 00:00:16]} exd4
{[%clk 01:12:11]} {[%emt 00:00:08]} 14. Qxd4 {[%clk 01:00:38]} {[%emt
00:00:10]} Bxc3+ {[%clk 01:12:31]} {[%emt 00:00:11]} 15. Qxc3 {[%clk 01:00:57]}
{[%emt 00:00:10]} O-O {[%clk 01:12:31]} {[%emt 00:00:30]} 16. O-O-O {[%clk
01:00:51]} {[%emt 00:00:36]} Be6 {[%clk 01:10:40]} {[%emt 00:02:18]} 17. Kb1
{[%clk 00:56:32]} {[%emt 00:04:51]} Rfb8 {[%clk 00:59:04]} {[%emt 00:12:00]}
18. g4 {[%clk 00:54:13]} {[%emt 00:02:54]} Ra7 {[%clk 00:55:48]} {[%emt
00:03:47]} 19. h4 {[%clk 00:49:11]} {[%emt 00:05:32]} Rab7 {[%clk 00:53:46]}
{[%emt 00:02:32]} 20. b3 {[%clk 00:45:21]} {[%emt 00:04:19]} a5 {[%clk
00:52:47]} {[%emt 00:01:30]} 21. h5 {[%clk 00:45:13]} {[%emt 00:00:36]} a4
{[%clk 00:52:08]} {[%emt 00:01:11]} 22. g5 {[%clk 00:44:23]} {[%emt 00:01:19]}
axb3 {[%clk 00:49:37]} {[%emt 00:03:03]} 23. gxf6 {[%clk 00:40:33]} {[%emt
00:04:20]} bxa2+ {[%clk 00:48:19]} {[%emt 00:01:47]} 24. Ka1 {[%clk 00:37:10]}
{[%emt 00:03:53]} Qb6 {[%clk 00:48:03]} {[%emt 00:00:46]} 25. Qa3 {[%clk
00:30:22]} {[%emt 00:07:18]} Qb1+ {[%clk 00:48:09]} {[%emt 00:00:24]} 26. Rxb1
{[%clk 00:30:45]} {[%emt 00:00:07]} Rxb1+ {[%clk 00:48:35]} {[%emt 00:00:04]}
27. Rxb1 {[%clk 00:31:03]} {[%emt 00:00:11]} axb1=Q# {[%clk 00:48:54]} {[%emt
00:00:12]} 0-1

[Event "DEM U14w 2024"]
[Site "Willingen GER"]
[Date "2024.05.19"]
[Round "1"]
[White "Dodul, Alice"]
[Black "Abram, Kristina-Maria"]
[Result "0-1"]
[Termination "normal"]
[Board "11"]
[WhiteElo "1656"]
[BlackElo "1482"]
[WhiteClock "00:09:33"]
[BlackClock "00:20:09"]
[PlyCount "132"]
[WhiteFideId "34623817"]
[BlackFideId "16298349"]
[EventCountry "GER"]
[EventRounds "9"]
[EventType "swiss"]
[EventDate "2024.05.18"]

1. f4 {[%clk 01:30:59]} d5 {[%clk 01:30:22]} {[%emt 00:00:39]} 2. Nf3 {[%clk
01:31:13]} {[%emt 00:00:16]} g6 {[%clk 01:30:28]} {[%emt 00:00:23]} 3. e3
{[%clk 01:31:29]} {[%emt 00:00:14]} Nf6 {[%clk 01:30:31]} {[%emt 00:00:27]} 4.
Be2 {[%clk 01:31:20]} {[%emt 00:00:40]} Bg7 {[%clk 01:30:46]} {[%emt 00:00:14]}
5. O-O {[%clk 01:31:16]} {[%emt 00:00:35]} O-O {[%clk 01:31:08]} {[%emt
00:00:08]} 6. d3 {[%clk 01:31:02]} {[%emt 00:00:44]} c5 {[%clk 01:30:12]}
{[%emt 00:01:25]} 7. Nbd2 {[%clk 01:30:48]} {[%emt 00:00:44]} Nc6 {[%clk
01:29:18]} {[%emt 00:01:23]} 8. e4 {[%clk 01:27:17]} {[%emt 00:04:02]} d4
{[%clk 01:25:23]} {[%emt 00:04:25]} 9. h3 {[%clk 01:26:49]} {[%emt 00:00:58]}
Bh6 {[%clk 01:24:05]} {[%emt 00:01:49]} 10. Nc4 {[%clk 01:25:09]} {[%emt
00:02:10]} Nh5 {[%clk 01:18:19]} {[%emt 00:06:16]} 11. Nfe5 {[%clk 01:24:19]}
{[%emt 00:01:20]} Nxe5 {[%clk 01:10:37]} {[%emt 00:08:12]} 12. Nxe5 {[%clk
01:24:36]} {[%emt 00:00:12]} Ng3 {[%clk 01:10:16]} {[%emt 00:00:51]} 13. Rf3
{[%clk 01:24:33]} {[%emt 00:00:33]} Nxe2+ {[%clk 01:10:19]} {[%emt 00:00:27]}
14. Qxe2 {[%clk 01:24:57]} {[%emt 00:00:07]} f6 {[%clk 01:10:29]} {[%emt
00:00:19]} 15. Nc4 {[%clk 01:25:07]} {[%emt 00:00:20]} f5 {[%clk 01:08:37]}
{[%emt 00:02:22]} 16. Ne5 {[%clk 01:24:23]} {[%emt 00:01:13]} Bg7 {[%clk
01:07:27]} {[%emt 00:01:41]} 17. Nc4 {[%clk 01:22:55]} {[%emt 00:01:59]} b5
{[%clk 01:05:49]} {[%emt 00:02:07]} 18. Nd2 {[%clk 01:23:04]} {[%emt 00:00:21]}
Bb7 {[%clk 01:05:55]} {[%emt 00:00:25]} 19. Rf1 {[%clk 01:21:48]} {[%emt
00:01:44]} Qc7 {[%clk 01:02:57]} {[%emt 00:03:30]} 20. Nf3 {[%clk 01:15:15]}
{[%emt 00:07:02]} a6 {[%clk 00:58:32]} {[%emt 00:04:55]} 21. Qe1 {[%clk
01:13:37]} {[%emt 00:02:07]} fxe4 {[%clk 00:56:39]} {[%emt 00:02:24]} 22. dxe4
{[%clk 01:13:47]} {[%emt 00:00:21]} Qc6 {[%clk 00:56:20]} {[%emt 00:00:48]} 23.
e5 {[%clk 01:12:13]} {[%emt 00:02:05]} Bh6 {[%clk 00:56:00]} {[%emt 00:00:49]}
24. Qh4 {[%clk 01:12:13]} {[%emt 00:00:31]} Bg7 {[%clk 00:54:08]} {[%emt
00:02:21]} 25. Qxe7 {[%clk 01:08:30]} {[%emt 00:04:14]} Rae8 {[%clk 00:54:12]}
{[%emt 00:00:25]} 26. Qh4 {[%clk 01:08:23]} {[%emt 00:00:36]} Qe4 {[%clk
00:53:28]} {[%emt 00:01:10]} 27. Rf2 {[%clk 01:07:35]} {[%emt 00:01:22]} Rf5
{[%clk 00:52:19]} {[%emt 00:01:40]} 28. Ng5 {[%clk 01:05:15]} {[%emt 00:02:50]}
Qe1+ {[%clk 00:50:42]} {[%emt 00:02:02]} 29. Kh2 {[%clk 01:05:29]} {[%emt
00:00:22]} h6 {[%clk 00:49:56]} {[%emt 00:01:14]} 30. Nf3 {[%clk 01:02:58]}
{[%emt 00:03:01]} Bxf3 {[%clk 00:48:06]} {[%emt 00:02:21]} 31. gxf3 {[%clk
01:03:18]} {[%emt 00:00:11]} Rxf4 {[%clk 00:47:09]} {[%emt 00:01:26]} 32. Qg3
{[%clk 00:54:50]} {[%emt 00:08:58]} g5 {[%clk 00:44:05]} {[%emt 00:03:34]} 33.
Kg2 {[%clk 00:43:55]} {[%emt 00:11:24]} Ref8 {[%clk 00:39:05]} {[%emt
00:05:30]} 34. b3 {[%clk 00:39:48]} {[%emt 00:04:38]} Qc3 {[%clk 00:38:59]}
{[%emt 00:00:28]} 35. Bxf4 {[%clk 00:35:26]} {[%emt 00:05:00]} Qxa1 {[%clk
00:39:10]} {[%emt 00:00:19]} 36. Bd2 {[%clk 00:35:02]} {[%emt 00:00:54]} Qxa2
{[%clk 00:39:17]} {[%emt 00:00:21]} 37. Be1 {[%clk 00:34:12]} {[%emt 00:01:22]}
d3 {[%clk 00:39:05]} {[%emt 00:00:41]} 38. cxd3 {[%clk 00:33:35]} {[%emt
00:01:08]} Qxb3 {[%clk 00:39:23]} {[%emt 00:00:13]} 39. Rd2 {[%clk 00:33:00]}
{[%emt 00:01:04]} Qd5 {[%clk 00:39:07]} {[%emt 00:00:38]} 40. d4 {[%clk
00:26:59]} {[%emt 00:06:39]} cxd4 {[%clk 00:38:44]} {[%emt 00:00:54]} 41. Bf2
{[%clk 00:26:54]} {[%emt 00:00:34]} Bxe5 {[%clk 00:38:36]} {[%emt 00:00:38]}
42. Qg4 {[%clk 00:26:52]} {[%emt 00:00:32]} Rf4 {[%clk 00:35:18]} {[%emt
00:03:44]} 43. Qh5 {[%clk 00:25:08]} {[%emt 00:02:18]} Qe6 {[%clk 00:32:21]}
{[%emt 00:03:18]} 44. Re2 {[%clk 00:22:26]} {[%emt 00:03:20]} b4 {[%clk
00:27:46]} {[%emt 00:05:05]} 45. Bg3 {[%clk 00:20:46]} {[%emt 00:02:10]} d3
{[%clk 00:25:39]} {[%emt 00:02:38]} 46. Rxe5 {[%clk 00:19:29]} {[%emt
00:01:46]} Qxe5 {[%clk 00:24:40]} {[%emt 00:01:30]} 47. Qg6+ {[%clk 00:19:52]}
{[%emt 00:00:07]} Qg7 {[%clk 00:24:28]} {[%emt 00:00:40]} 48. Qxd3 {[%clk
00:20:04]} {[%emt 00:00:19]} Rf6 {[%clk 00:23:09]} {[%emt 00:01:46]} 49. Be5
{[%clk 00:20:08]} {[%emt 00:00:30]} Rxf3 {[%clk 00:21:46]} {[%emt 00:01:54]}
50. Qd5+ {[%clk 00:17:04]} {[%emt 00:03:33]} Qf7 {[%clk 00:19:07]} {[%emt
00:03:08]} 51. Qa8+ {[%clk 00:15:23]} {[%emt 00:02:11]} Kh7 {[%clk 00:18:55]}
{[%emt 00:00:39]} 52. Qxf3 {[%clk 00:11:53]} {[%emt 00:04:04]} Qxf3+ {[%clk
00:19:18]} {[%emt 00:00:07]} 53. Kxf3 {[%clk 00:12:17]} {[%emt 00:00:06]} a5
{[%clk 00:19:24]} {[%emt 00:00:23]} 54. Bc7 {[%clk 00:12:08]} {[%emt 00:00:39]}
a4 {[%clk 00:19:41]} {[%emt 00:00:14]} 55. Bd6 {[%clk 00:12:30]} {[%emt
00:00:08]} b3 {[%clk 00:20:01]} {[%emt 00:00:09]} 56. Ba3 {[%clk 00:12:41]}
{[%emt 00:00:19]} Kg6 {[%clk 00:20:16]} {[%emt 00:00:16]} 57. Kg4 {[%clk
00:11:09]} {[%emt 00:02:02]} h5+ {[%clk 00:20:25]} {[%emt 00:00:20]} 58. Kg3
{[%clk 00:11:29]} {[%emt 00:00:11]} Kf5 {[%clk 00:19:37]} {[%emt 00:01:18]} 59.
Bb2 {[%clk 00:10:56]} {[%emt 00:01:03]} g4 {[%clk 00:18:35]} {[%emt 00:01:32]}
60. hxg4+ {[%clk 00:09:31]} {[%emt 00:01:54]} hxg4 {[%clk 00:18:50]} {[%emt
00:00:16]} 61. Kf2 {[%clk 00:09:18]} {[%emt 00:00:43]} Ke4 {[%clk 00:19:00]}
{[%emt 00:00:20]} 62. Ke2 {[%clk 00:08:53]} {[%emt 00:00:54]} g3 {[%clk
00:19:00]} {[%emt 00:00:31]} 63. Bc1 {[%clk 00:08:47]} {[%emt 00:00:36]} g2
{[%clk 00:19:14]} {[%emt 00:00:17]} 64. Kf2 {[%clk 00:08:49]} {[%emt 00:00:28]}
Kd3 {[%clk 00:19:27]} {[%emt 00:00:16]} 65. Kxg2 {[%clk 00:09:11]} {[%emt
00:00:08]} Kc2 {[%clk 00:19:45]} {[%emt 00:00:11]} 66. Ba3 {[%clk 00:09:33]}
{[%emt 00:00:09]} b2 {[%clk 00:20:09]} {[%emt 00:00:07]} 0-1